000 00307nam a22001337a 4500
008 181015b xxu||||| |||| 00| 0 eng d
020 _a9780130414687
041 _aeng
080 _a371
100 _a46
101 _aEDU
245 _aReading in the Academic Environment
_cDillard,M.L
942 _2udc
_cBK
999 _c49678
_d49678